000 00252nam a2200109Ia 4500
008 190216s9999||||xx |||||||||||||| ||und||
100 _aAgtha Christy
245 0 _aElephent Car Remember
260 _bPan Books London
650 _aEnglish
942 _cBK
999 _c13298
_d13298